[Event "Mittelrhein Verbandsliga-O 15/16"]
[Site "Nordrheinwestfalen"]
[Date "2015.10.18"]
[Round "3"]
[White "Heeger, Ralph"]
[Black "Deichmann, Martin"]
[Result "1/2-1/2"]
[WhiteElo "1662"]
[BlackElo "1611"]
[PlyCount "48"]
[EventDate "2015.09.06"]
[EventType "team-tourn"]
[EventRounds "11"]
[EventCountry "GER"]
[SourceTitle "EXT 2022"]
[Source "ChessBase"]
[SourceDate "2021.10.06"]
[SourceVersion "1"]
[SourceVersionDate "2021.10.06"]
[SourceQuality "1"]
[WhiteTeam "Niederkassel II"]
[BlackTeam "Bruehl III"]
[WhiteTeamCountry "GER"]
[BlackTeamCountry "GER"]

1. e4 e5 2. Nf3 d5 3. Nxe5 dxe4 4. Bc4 Qg5 5. d4 Qxg2 6. Bxf7+ Ke7 7. Rf1 Bh3 8. Bc4 Nf6 9. Nc3 Nbd7 10. Bf4 Nxe5 11. Bxe5 Ng4 12. Nd5+ Kd7 13. Nf4 Qxh2 14. Be6+ Ke8 15. Nxh3 Nxe5 16. dxe5 Rd8 17. Qh5+ g6 18. Qg5 Bg7 19. Rd1 Rxd1+ 20. Kxd1 Bxe5 21. Kc1 Rf8 22. Qg4 e3 23. Bd7+ Kd8 24. Ba4 Rf5 1/2-1/2